Normal view
MARC view
- Jianmeng, Wang
Entry Personal Name
001 - CONTROL NUMBER
- control field: 88764
003 - CONTROL NUMBER IDENTIFIER
- control field: NUST
005 - DATE AND TIME OF LATEST TRANSACTION
- control field: 20220203161534.0
008 - FIXED-LENGTH DATA ELEMENTS
- fixed length control field: 220203|| aca||aabn | a|a d
040 ## - CATALOGING SOURCE
- Original cataloging agency: NUST
- Transcribing agency: NUST
100 ## - HEADING--PERSONAL NAME
- Personal name: Jianmeng, Wang
670 ## - SOURCE DATA FOUND
- Source citation: Work cat.: (NUST): Jianmeng, Wang, Sun Jiadong : life of an aerospace scientist, 2019
